| 000 | 01361cam a22003254a 4500 | ||
|---|---|---|---|
| 090 | _c0 | ||
| 001 | 12441591 | ||
| 005 | 20020122080640.0 | ||
| 008 | 010614s2002 maua b 001 0 eng | ||
| 010 | _a 2001042752 | ||
| 020 | _a0071131159 | ||
| 020 | _a0072393432 | ||
| 020 | _a0071122389 | ||
| 020 | _a0072516941 CD- Rom | ||
| 040 |
_aDLC _cDLC _dDLC |
||
| 042 | _apcc | ||
| 050 | 0 | 0 |
_aTK5105.7 _b.K39 2002 |
| 082 | 0 | 0 |
_a004.68 _221 _bKEI |
| 100 | 1 | _aKeiser, Gerd. | |
| 245 | 1 | 0 |
_aLocal area networks / _cGerd Keiser. |
| 250 |
_a2nd ed. _bInternational Edition. |
||
| 260 |
_aBoston : _bMcGraw-Hill, _cc2002. |
||
| 300 |
_axix, 379 p. : _bill. : _c25 cm. + _e1 CD-ROM (4 3/4 in.) |
||
| 504 | _aIncludes bibliographical references and index. | ||
| 650 | 0 | _aLocal area networks (Computer networks) | |
| 942 |
_2ddc _cBB |
||
| 999 |
_c10560 _d10560 |
||